LDR 00501naa#a2200157#i#450# 001 EN\RIOR\bibl\125580 005 20260629115449.1 011 ## _a2409-6024 100 ## _a20260530b2026####ek#y0engy0150####ca 102 ## _aRU 200 1# _aSOCIO-ECONOMIC DEVELOPMENT OF REGIONS AND TOOLS FOR REDUCING INTERREGIONAL DISPROPORTIONS _eJournal article 210 1# _aMoscow _cPublishing Center RIOR _d2026 215 ## _a11 с. 608 ## _aJournal article _2local 700 #1 _aRepushevskaya _gOl'ga Aeksandrovna 856 4# _ariorpub.com _u